[Event "GER-chT U14 Girls"]
[Site "Dittrichshuette"]
[Date "2008.12.27"]
[Round "1.4"]
[White "Jentsch, Jasmin"]
[Black "Harfmann, Maraike"]
[Result "1-0"]
[WhiteElo "982"]
[BlackElo "815"]
[PlyCount "63"]
[EventDate "2008.12.27"]
[EventType "team-swiss"]
[EventRounds "7"]
[EventCountry "GER"]
[SourceTitle "EXT 2010"]
[Source "ChessBase"]
[SourceDate "2010.11.25"]
[SourceVersion "1"]
[SourceVersionDate "2010.11.25"]
[SourceQuality "1"]
[WhiteTeam "Fritzdorf"]
[BlackTeam "Harksheide"]
[WhiteTeamCountry "GER"]
[BlackTeamCountry "GER"]

1. e4 e5 2. Nf3 Nc6 3. Bc4 Bc5 4. c3 Nf6 5. d4 exd4 6. cxd4 Bb4+ 7. Nc3 d6 8. Ng5 0-0 9. d5 Ne5 10. Bd3 Nfg4 11. h3 Nf6 12. 0-0 Bc5 13. a3 h6 14. Nf3 Nh5 15. Nxe5 dxe5 16. Qxh5 c6 17. Qxe5 Bd6 18. Qh5 b6 19. dxc6 Re8 20. Bc4 Re7 21. Re1 Qc7 22. Nd5 Re5 23. Nxc7 Rxh5 24. Nxa8 Rg5 25. Bxg5 hxg5 26. Rad1 Be5 27. Rd8+ Kh7 28. Rxc8 Bxb2 29. c7 Be5 30. Rh8+ Kg6 31. c8Q g4 32. Qf5# 1-0